000 00323nam a2200133Ia 4500
005 20260328104247.0
008 260328s9999||||xx |||||||||||||| ||und||
100 _aRuiz, Maximiliano
245 0 _aGraffiti Argentina /
_cMaximiliano Ruiz
260 _bThames & Hudson
300 _a151 p.
650 _aDIBUJO
942 _cBK
999 _c10101
_d10101